US States by Borders in 60 Seconds - Statistics

General Stats
  • This quiz has been taken 96 times
  • The average score is 49 of 50
Answers on the Map
Answers color-coded by a green-red scale on the quiz's map according to % correct below.
 
Answer Stats
Bordering States State % Correct
Florida, Georgia, Mississippi, Tennessee Alabama
100%
California, Colorado, Nevada, New Mexico, Utah Arizona
100%
Louisiana, Mississippi, Missouri, Oklahoma, Tennessee, Texas Arkansas
100%
Arizona, Nevada, Oregon California
100%
Arizona, Kansas, Nebraska, New Mexico, Oklahoma, Utah, Wyoming Colorado
100%
Alabama, Georgia Florida
100%
Alabama, Florida, North Carolina, South Carolina, Tennessee Georgia
100%
Montana, Nevada, Oregon, Utah, Washington, Wyoming Idaho
100%
Indiana, Iowa, Kentucky, Missouri, Wisconsin Illinois
100%
Illinois, Indiana, Missouri, Ohio, Tennessee, Virginia, West Virginia Kentucky
100%
Arkansas, Mississippi, Texas Louisiana
100%
New Hampshire Maine
100%
Connecticut, New Hampshire, New York, Rhode Island, Vermont Massachusetts
100%
Arkansas, Illinois, Iowa, Kansas, Kentucky, Nebraska, Oklahoma, Tennessee Missouri
100%
Idaho, North Dakota, South Dakota, Wyoming Montana
100%
Arizona, California, Idaho, Oregon, Utah Nevada
100%
Maine, Massachusetts, Vermont New Hampshire
100%
Delaware, New York, Pennsylvania New Jersey
100%
Arizona, Colorado, Oklahoma, Texas, Utah New Mexico
100%
Connecticut, Massachusetts, New Jersey, Pennsylvania, Vermont New York
100%
Georgia, South Carolina, Tennessee, Virginia North Carolina
100%
Arkansas, Colorado, Kansas, Missouri, New Mexico, Texas Oklahoma
100%
California, Idaho, Nevada, Washington Oregon
100%
Delaware, Maryland, New Jersey, New York, Ohio, West Virginia Pennsylvania
100%
Iowa, Minnesota, Montana, Nebraska, North Dakota, Wyoming South Dakota
100%
Alabama, Arkansas, Georgia, Kentucky, Mississippi, Missouri, North Carolina, Virginia Tennessee
100%
Arkansas, Louisiana, New Mexico, Oklahoma Texas
100%
Arizona, Colorado, Idaho, Nevada, New Mexico, Wyoming Utah
100%
Massachusetts, New Hampshire, New York Vermont
100%
Kentucky, Maryland, North Carolina, Tennessee, West Virginia Virginia
100%
Colorado, Idaho, Montana, Nebraska, South Dakota, Utah Wyoming
100%
Illinois, Minnesota, Missouri, Nebraska, South Dakota, Wisconsin Iowa
98%
Colorado, Missouri, Nebraska, Oklahoma Kansas
98%
Delaware, Pennsylvania, Virginia, West Virginia Maryland
98%
Iowa, North Dakota, South Dakota, Wisconsin Minnesota
98%
Colorado, Iowa, Kansas, Missouri, South Dakota, Wyoming Nebraska
98%
Indiana, Kentucky, Michigan, Pennsylvania, West Virginia Ohio
98%
Idaho, Oregon Washington
98%
Kentucky, Maryland, Ohio, Pennsylvania, Virginia West Virginia
98%
Illinois, Iowa, Michigan, Minnesota Wisconsin
98%
Alaska
97%
Massachusetts, New York, Rhode Island Connecticut
97%
Hawaii
97%
Illinois, Kentucky, Michigan, Ohio Indiana
97%
Indiana, Ohio, Wisconsin Michigan
97%
Alabama, Arkansas, Louisiana, Tennessee Mississippi
97%
Minnesota, Montana, South Dakota North Dakota
97%
Maryland, New Jersey, Pennsylvania Delaware
93%
Georgia, North Carolina South Carolina
93%
Connecticut, Massachusetts Rhode Island
87%
No matching quizzes found
Score Distribution
Percent of People with Each Score
Percentile by Number Answered
Your Score History
You have not taken this quiz